| 000 | 00388nam a2200157Ia 4500 | ||
|---|---|---|---|
| 999 |
_c8384 _d8384 |
||
| 020 | _a9781138795631 | ||
| 082 | _a333.72 ENV; | ||
| 245 | 0 | _aEnvironment, politics and activism: the role of media | |
| 260 |
_aNew Delhi _bRoutledge _c2014 |
||
| 300 | _aix, 221 | ||
| 650 | _aRAGPICKERS | ||
| 650 | _aMASS MEDIA | ||
| 650 | _aCLIMATIC CHANGES | ||
| 700 | _aBatabyal, Somnath | ||
| 942 | _cBK | ||